|
|
|
|
| LEADER |
00000nam a2200000 i 4500 |
| 001 |
1/75000 |
| 008 |
960516s1967 gre d |
| 035 |
|
|
|a 1995
|b 1
|c Δωρεά
|l 10032001
|
| 040 |
|
|
|a GR-MY-UA
|b gre
|e aacr
|
| 041 |
0 |
|
|a gre
|
| 082 |
0 |
|
|a 371.3
|
| 100 |
1 |
|
|a Παπαδημητρίου, Γεώργιος Δημ.
|
| 245 |
1 |
0 |
|a Νεωτέρα ειδική διδακτική :
|b κατά τας κοινωνικάς κατευθύνσεις της συγχρόνου παιδαγωγικής και ψυχολογίας /
|c Γεωργίου Δημ.Παπαδημητρίου
|
| 250 |
|
|
|a 2η εκδ.
|
| 260 |
|
|
|a Λάρισα :
|b [χ.ό.],
|c 1967
|
| 300 |
|
|
|a 240 σ.
|
| 504 |
|
|
|a Βιβλιογραφία : σ. 337-240
|
| 650 |
0 |
0 |
|a Elementary school teaching.
|
| 650 |
0 |
0 |
|a Teaching.
|
| 852 |
|
|
|a INST
|b RHODES
|e 19960516
|h 371.3 ΠΑΠ
|p 005400007262
|q 005400007262
|t BK
|y 0
|
| 909 |
|
|
|a Ρ
|b 028475
|c 1995
|